banner-ar

ELECTROCARDIOGRAPHY: ESSENTIALS OF INTERPRETATION / (Record no. 20008)

MARC details
000 -الفاتح
حقل البيانات ثابتة الطول 00534nam a2200193Ia 4500
008 - عناصر البيانات ثابتة الطول - معلومات عامة
حقل البيانات ثابتة الطول 140319s9999 xx 000 0 eng d
040 ## - مصدر الفهرسة
وكالة الفهرسة الأصلية GCL /
وكالة النسخ GCL
082 04 - رقم تصنيف ديوى العشرى
رقم التصنيف 616.1207547
رقم المادة G E
100 1# - المدخل الرئيسى - إسم شخصى
الإسم الشخصى GOLD SCHLAGER, NORA
245 10 - بيان العنوان
العنوان ELECTROCARDIOGRAPHY: ESSENTIALS OF INTERPRETATION /
بيان المسئوليه,etc GOLD SCHLAGER, NORA
700 1# - المدخل الاضافى - اسم شخصى
الإسم الشخصى GOLDMAN, MERVIN J.
300 ## - الوصف المادى
التعداد 236 P
650 04 - المدخل الاضافى بالموضوع-مصطلح موضوعى
مصطلح موضوعي CARDIOLOGY
650 04 - المدخل الاضافى بالموضوع-مصطلح موضوعى
مصطلح موضوعي ELECTROCARDIOGRAPHY
650 04 - المدخل الاضافى بالموضوع-مصطلح موضوعى
مصطلح موضوعي ELECTROCARDIOGRAM
942 ## - عناصر المدخل الإضافي( كوها)
مصدر التصنيف او مخطط الترفيف Dewey Decimal Classification
Koha [default] item type كتاب
260 ## - PUBLICATION, DISTRIBUTION, ETC. (IMPRINT)
-- [S.N] :
-- LIBRAIRIE DU LIBAN
Holdings
حالة التراجع حالة الفقد حالة تلف ليس للاعارة المكان المؤقت الموقع الحالى تاريخ الاكتساب اجمالي اﻻعارات رقم الطلب الباركود تاريخ اخر مشاهدة تاريخ تفعيل السعر نوع وعاء كوها
        مكتبة القاهرة الكبرى مكتبة القاهرة الكبرى 03/26/2014   616.1207547\G E 37795 03/26/2014 03/26/2014 كتاب

Powered By

EGPV